Financial Management/ (Record no. 186394)

MARC details
000 -LEADER
fixed length control field 00551nam a2200193 4500
005 - DATE AND TIME OF LATEST TRANSACTION
control field 20220225121025.0
010 ## - LCCN (DPL NO)
LC control number ENG-131808
020 ## - INTERNATIONAL STANDARD BOOK NUMBER
International Standard Book Number 9788194780427
Terms of availability 699.00
035 ## - SYSTEM CONTROL NUMBER
System control number EN-115340
037 ## - SOURCE OF ACQUISITION
Source of stock number/acquisition DBAD/PUB
082 ## - DEWEY DECIMAL CLASSIFICATION NUMBER
Classification number 658.15
100 ## - MAIN ENTRY--PERSONAL NAME
Personal name Shah, Paresh
245 ## - TITLE STATEMENT
Title Financial Management/
Statement of responsibility, etc Paresh Shah
250 ## - EDITION STATEMENT
Edition statement Third Edition
260 ## - PUBLICATION, DISTRIBUTION, ETC. (IMPRINT)
Place of publication, distribution, etc New Delhi
Name of publisher, distributor, etc Dreamtech Press
Date of publication, distribution, etc 2020
270 ## - ADDRESS
Address 19-A, Ansari Road, Daryaganj
City New Delhi
Postal code 110002
300 ## - PHYSICAL DESCRIPTION
Extent xxx, 555p.
Other physical details Index
Dimensions 28cm(pbk)
942 ## - ADDED ENTRY ELEMENTS (KOHA)
Source of classification or shelving scheme Dewey Decimal Classification
Item type English Books
Classification part 658.15
Call number suffix SHA
Holdings
Withdrawn status Lost status Not for loan Collection code Home library Current library Date acquired Source of acquisition Cost, normal purchase price Full call number Barcode Copy number Cost, replacement price Koha item type
      Non-fiction Sarojini Nagar Sarojini Nagar 25/02/2022 DBAD/PUB 699.00 658.15 SHA EN-115340 1 699.00 English Books

© Delhi Public Library
Hit Counter
free hit counter